000
00232nam a2200097Ia 4500
005
20251222114352.0
008
251222s1900||||xx |||||||||||||| ||spa||
082
_a
DVD0093/V31/T.2
245
0
_a
Escuela de padres: niƱos 2:
942
_c
DVD
999
_c
1279
_d
1279